Aircraft instrument and cockpit lighting by red or white light ; a symposium sponsored by the Aerospace Medical Panel of AGARD-NATO, held in Rhode-Saint-Genese, Belgium, 30-31 October 1967.

Bibliographic Details
Corporate Authors: Symposium on Red/White Aircraft Instrument and Cockpit Lighting Sint-Genesius-Rode, Belgium, North Atlantic Treaty Organization. Advisory Group for Aerospace Research and Development. Aerospace Medical Panel
Format: Conference Proceeding Book
Language:English
Published: [Paris] : North Atlantic Treaty Organization, 1967.
Series:AGARD conference proceedings ; no. 26.
Subjects:

MARC

Tag First Indicator Second Indicator Subfields
LEADER 00000cam a22000001 4500
001 in00000098853
005 20150926125531.0
008 710622s1967 fr a b 10000 eng
010 |a  68140046  
015 |a F*** 
035 |a (OCoLC)00467935 
035 |9 AAL3530AM 
040 |a DLC  |c DLC  |d TXA  |d UtOrBLW 
041 0 |a eng  |b fre 
049 |a TXAM  |c [1129899] 
050 0 0 |a TL681.C6  |b S78 1967 
082 0 |a 629.134/43 
111 2 |a Symposium on Red/White Aircraft Instrument and Cockpit Lighting  |d (1967 :  |c Sint-Genesius-Rode, Belgium) 
245 1 0 |a Aircraft instrument and cockpit lighting by red or white light ;  |b a symposium sponsored by the Aerospace Medical Panel of AGARD-NATO, held in Rhode-Saint-Genese, Belgium, 30-31 October 1967. 
264 1 |a [Paris] :  |b North Atlantic Treaty Organization,  |c 1967. 
300 |a 1 volume (various pagings) :  |b illustrations ;  |c 27 cm. 
336 |a text  |b txt  |2 rdacontent 
337 |a unmediated  |b n  |2 rdamedia 
338 |a volume  |b nc  |2 rdacarrier 
490 1 |a AGARD conference proceedings, no. 26 
500 |a English or French, with summaries in English and French. 
504 |a Includes bibliographies. 
650 0 |a Airplanes  |x Cockpits. 
650 0 |a Airplanes  |x Lighting. 
710 2 |a North Atlantic Treaty Organization.  |b Advisory Group for Aerospace Research and Development.  |b Aerospace Medical Panel. 
830 0 |a AGARD conference proceedings ;  |v no. 26. 
999 |a MARS 
999 f f |s 0139d7b2-bed2-3660-a415-020123429697  |i e64ac8ef-6857-3a7c-b31d-ed157d3e816b  |t 0 
952 f f |p ric  |a Texas A&M University  |b Rellis Campus  |c Joint Library Facility  |d Remote Storage  |t 0  |e TL681.C6 S78 1967  |h Library of Congress classification  |i unmediated -- volume  |m A14805547745 
998 f f |a TL681.C6 S78 1967  |t 0  |l Remote Storage